Full Johnnie Walker Spectrum - Statistics

General Stats
  • This quiz has been taken 25 times
  • The average score is 6 of 8
Answer Stats
Labels % Correct
Black Label
100%
Blue Label
100%
Red Label
100%
Gold Label
94%
Green Label
94%
Platinum Label
44%
Double Black Label
39%
18 year old
22%
No matching quizzes found
Score Distribution
Percent of People with Each Score
Percentile by Number Answered
Your Score History
You have not taken this quiz